<?xml version="1.0" encoding="UTF-8"?>
<marc:record xmlns:marc="http://www.loc.gov/MARC21/slim">
   <marc:leader>00000nam a2200000 a 4500</marc:leader>
   <marc:datafield ind1="1" ind2=" " tag="100">
      <marc:subfield code="a">Haller, Reinhard</marc:subfield>
      <marc:subfield code="4">aut</marc:subfield>
      <marc:subfield code="e">Verfasser/-in</marc:subfield>
   </marc:datafield>
   <marc:datafield ind1=" " ind2=" " tag="653">
      <marc:subfield code="a">Sucht</marc:subfield>
   </marc:datafield>
   <marc:datafield ind1="0" ind2="0" tag="245">
      <marc:subfield code="a">Nie mehr süchtig sein</marc:subfield>
   </marc:datafield>
   <marc:datafield ind1="0" ind2="0" tag="245">
      <marc:subfield code="b">Leben in Balance</marc:subfield>
   </marc:datafield>
   <marc:datafield ind1=" " ind2="1" tag="264">
      <marc:subfield code="b">Ecowin</marc:subfield>
      <marc:subfield code="c">2017</marc:subfield>
   </marc:datafield>
   <marc:datafield ind1="1" ind2=" " tag="520">
      <marc:subfield code="a">VERLAGSTEXT: / / Wenn dem Menschen die Sehnsucht nach den Urbedürfnissen Harmonie, Geborgenheit, Lust, Liebe und Glück entgleitet, er immer mehr davon haben will und keine Grenzen mehr kennt, entsteht Sucht. Süchtig sein heißt, niemals genug zu kriegen, nie zufrieden zu sein und für wenige Stunden des Wohlbefindens den Preis zunehmender Unfreiheit zu bezahlen. / Meist ist man sich der eigenen, sich unbemerkt entwickelnden Süchte erst gar nicht bewusst. Und Süchte gibt es viele, man kann süchtig sein nach Fernsehen, dem Internet, Einkaufen, Glücksspiel, Alkohol, Nikotin und anderen Drogen, nach Essen und Magersein, nach Arbeit, Computer und Sex. Wird die Sucht nicht rechtzeitig bekämpft, führt sie zu zunehmenden psychischen und sozialen Problemen, zum Verlust der Freiheit und letztlich zur Vereinsamung. / Reinhard Haller analysiert die mannigfachen Ursachen der Sucht, beschreibt alltägliche süchtige Verhaltensweisen und krankhafte Formen der Abhängigkeit und zeigt Wege zu ihrer Überwindung auf.</marc:subfield>
   </marc:datafield>
   <marc:datafield ind1="3" ind2=" " tag="024">
      <marc:subfield code="a">9783711001238</marc:subfield>
   </marc:datafield>
</marc:record>
